Comparación del desempeño de mezclas asfálticas en caliente de tamaño nominal 9,5 mm con y sin la adición de polímero modificante
Wedi'i Gadw mewn:
| Prif Awdur: | |
|---|---|
| Fformat: | Llyfr |
| Iaith: | Spanish |
| Cyhoeddwyd: |
[San José], Costa Rica
,2014
|
| Pynciau: | |
| Tagiau: |
Ychwanegu Tag
Dim Tagiau, Byddwch y cyntaf i dagio'r cofnod hwn!
|
MARC
| LEADER | 00000nam a22000007a 4500 | ||
|---|---|---|---|
| 003 | 011915 | ||
| 005 | 20221231143901.0 | ||
| 008 | 150316b2014 cr a|||| |||| 00| 0 spa d | ||
| 040 | |c cru CEDI | ||
| 090 | |a TFG 7080 | ||
| 100 | |9 470 |a Paniagua Fernández, José Fabián | ||
| 245 | |a Comparación del desempeño de mezclas asfálticas en caliente de tamaño nominal 9,5 mm con y sin la adición de polímero modificante | ||
| 260 | |a [San José], Costa Rica |c ,2014 | ||
| 500 | |a Proyecto de graduación (licenciatura en ingeniería civil)--Universidad de Costa Rica. Facultad de Ingeniería. Escuela de Ingeniería Civil | ||
| 650 | |x PAVIMENTOS DE ASFALTO |x MEZCLAS DE EMULSION ASFALTICA - PRUEBAS |x ESFUERZO Y TENSION |x FATIGA DE MATERIALES |x POLIMEROS |x ASFALTO - ADITIVOS |x ASFALTO - PRUEBAS |x GRANULOMETRIA |9 471 | ||
| 942 | |c TFG | ||
| 999 | |c 13705 |d 13705 | ||
